000 00475nam a2200169Ia 4500
999 _c19373
_d19373
003 OSt
005 20200618100246.0
008 190216s9999||||xx |||||||||||||| ||und||
020 _a0586084800
040 _coclc
082 _a954
_bMOO/I
100 _aMoorhouse, Geoffrey
_93029
245 0 _aIndian Britannica /
_cGeoffrey Moorhouse
260 _bPaladin Publishers,
_aLondon:
_c1984.
300 _a238p
942 _cBK
_2ddc
_h954
_iMOO/I
_k954
_mMOO/I